000 00385nam a2200145 i 4500
001 bg
245 0 _aFizika wysokotemperaturnoj plazmy /
_cPerev. s ang. pod red. M. S. Rabinovica.
260 _aMoskwa :
_bIzdat. "Mir",
_c1972.
300 _as. 339 :
_bilustr.
040 _cBPK
041 _apol
080 _a533.9+537.5
942 _cKS
008 s pl f |000 0 pol
999 _c14960
_d14960
856 _uhttp://koha.tu.koszalin.pl/cgi-bin/koha/opac-detail.pl?biblionumber=14960
_yKatalog online BPK